Statistics for Star Wars Jedi: Fallen Order Bosses

Click here to take the quiz!

General Stats

  • This quiz has been taken 125 times
  • The average score is 6 of 12

Answer Stats

Bosses% Correct
Ninth Sister
93%
Second Sister
93%
Darth Vader
88%
Taron Malicos
62%
Oggdo Bogdo
51%
AT-ST
38%
Gorgara
35%
Rabid Jotaz
33%
Albino Wyyyschokk
31%
Nydak Alpha
28%
Security Droid
24%
Mad Midge
6%

Score Distribution

Percentile by Number Answered

Percent of People with Each Score

Your Score History

You have not taken this quiz